MDQL
is popping MORE tags! Check the
thread
!
Quizzes
Events
Quiz Creation
Community
Videos
Private Events
Remove Ads
Sign In
Join for FREE
Feedback
Dark Mode
Quiz Categories
Sports
Geography
Music
Movies
Television
Just For Fun
Miscellaneous
History
Literature
Language
Science
Gaming
Entertainment
Religion
Holiday
For Kids
Quiz Lab
Recent
Popular Today
Quiz Kudos Today
Editor Picks
Curator Picks
Quizzes by...
Day
Popularity
Type
Ratings
Length
Year
Community
Subscriptions
Recent Discussions
Orange Saloon
Badges
Playlists
Quests
Create
Leaderboards
Showdown
Live 5
Trivia Bingo
Activity
Puzzle Library
Sporcle Events
Private Events
Virtual Trivia
Globe League
Become a Host
Pub Owners
SporcleCon
Opinionation
Our Games
Videos
Blog
Mobile Apps
Partnerships
Remove Ads and Go Orange
Feedback
Gaming
Video Games
Board Games
Card Games
Pokémon
Mario
Nintendo
Minecraft
Console
Toys
Legend of Zelda
Gaming
Video Games
Board Games
Card Games
Pokémon
Mario
Nintendo
Minecraft
Console
Toys
Legend of Zelda
Random Quiz
Search Sporcle
×
Quiz Lab
Quiz Lab
Gaming
Kingdom Hearts
Type in answers that appear in a list
Type in answers that appear in a list
Classic
Best Score? Go Orange.
Kingdom Hearts: Axel's Weapons Stats
Can you name Axel's weapons in Kingdom Hearts 358/2 Days?
By
SirSonic
8m
24 Questions
45 Plays
45 Plays
45 Plays
Comments
Comments
Give Quiz Kudos
Give Quiz Kudos
-
- Ratings
hide this ad
Replay
Link that replays current quiz
Next Quiz
Link to next quiz in quiz playlist
You Got
0%
They Got
Avg Score
71%
Avg Friend Score
Upgrade to see
Score Distribution
Jump to the score distribution portion of the page
Score
0/24
Timer
08:00
0
Plays Today
Gear Type
Weapon
% Correct
None
Ashes
97.8%
Skill
Doldrums
93.3%
Lift
Prometheus
88.9%
Valor
Inferno
88.9%
Zero
Eternal Flames
86.7%
Casual
Pizza Cut
86.7%
Technical
Delayed Action
73.3%
Nimble
Ifrit
73.3%
Ultimate
Wildfire
73.3%
Loaded
Combustion
71.1%
Ominous
Volcanics
71.1%
Prestige
Corona
71.1%
Gear Type
Weapon
% Correct
Fearless
Sizzling Edge
68.9%
Omega
Burnout
66.7%
Duel
Dive-Bombers
64.4%
Chrono
Moulin Rouge
64.4%
Phantom
Blaze of Glory
64.4%
Wild
Magma Ocean
64.4%
Crisis
Ferris Wheels
62.2%
Mystery
Conformers
62.2%
Hazard
Omega Trinity
55.6%
Rage
Outbreak
55.6%
Pandora's
Prominence
55.6%
Champion
Double Edge
51.1%
Quiz Playlist
Details
Report
Send in Message
Add To Playlist
Classic:
Type in answers that appear in a list
Quiz Source
Last Updated: Feb 16, 2017
Quiz Scoreboard
CHALLENGE
Sign Up to Join the Scoreboard
Show All
Scores
Hide
Comments
May contain spoilers
Recently Published
Holiday 10x10 Sorting Gallery
by lukepisani3
Holiday
15m
Two Season TV Shows II
by 123Four
Television
10m
Image Sorting: Flags VI
by Barbecue
Geography
2m
More to Explore
Quiz From the Vault
Featured Blog Post
14 Easter Pick-up Lines to Find Eggs With
hide this ad
You Might Also Like...
Tags
gear
heart
Kingdom
Kingdom Hearts
Today's Top Quizzes in Gaming
Browse Gaming
hide this ad
Today's Top Quizzes in Kingdom Hearts
Browse Kingdom Hearts
Top Contributed Quizzes in Gaming
1
League of Legends Pro Players by Career/Team History
2
Genshin Impact Logic Puzzle
3
Destiny 2 exotic weapons by perk icons
4
Genshin Impact Logic Puzzle Quiz
5
Genshin murder mystery
6
4x4 Decades: Video Games
7
Who's on the WWE 2K24 Cover?
8
Ultimate Genshin Impact Logic Puzzle (up to 4.3)
9
Dead By Daylight Logic Puzzle
10
Undertale Logic Puzzle
Explore More
Trending Topics
Kpop
Crossword
Harry Potter
Disney
NBA
Anime
Marvel
The Office
Song
Country
WWE
Soccer
NFL
Pokémon
Puzzle
hide this ad
More By:
SirSonic
Quiz
Plays
Rating
Category
Featured
Created
Kingdom Hearts: Demyx's Weapons
43
Gaming
Feb 1, 2016
The Flash (2014) Villains
546
3.00
Television
Oct 15, 2015
Jumanji: Welcome to the Jungle Characters
383
4.50
Movies
Mar 5, 2018
Sonic Final Bosses
331
2.00
Gaming
Jul 4, 2015
NCIS Villains
270
Television
Feb 23, 2016
Looney Tunes: Real or Fake?
245
4.67
Just For Fun
Jun 8, 2015
Go to Creator's Profile
Score Distribution
Quiz Creator Spotlight
SirSonic
Follow
Send a Message
Quizzes Created
-
Created Quiz Play Count
-
More By This Creator
Popular Quizzes Today
1
Find the US States - No Outlines Minefield
2
Colored Red Africa Blitz
3
Find the 'City' Movie
4
The Countries of the World
5
5x2 Blitz: Bands
6
Find the Countries of Europe - No Outlines Minefield
7
Find the US States
8
US States
More Gaming Quizzes
Pokémon Game Characters A-Z
Quiz Lab
Trending Quizzes
Colored Red Europe Blitz I
Colored Red Europe Blitz II
Colored Red Africa Blitz II
Even More Two Season TV Shows
Colored Red Africa Blitz III
Recently Updated
Odd Team Out - Big 4 Players
pecheneg
Quick Pick: 20 Twenties
pecheneg
March Madness Men's Triple Doubles
pecheneg
How Do You Spell That?
pecheneg
Godzilla Movies
pecheneg
Grab Bag: 4-10 Letters
pecheneg
2024 March Madness Bracket
pecheneg
Famous TV Couples
Peacemaker
Champions League XIs: Real Madrid
pecheneg
Largest US Cities 1790-2010
pecheneg
Trending Topics
Kpop
NBA
Disney
Harry Potter
Anime
Marvel
Crossword
Song
Pokémon
The Office
Puzzle
WWE
Soccer
Country
NFL
Your Account Isn't Verified!
In order to create a playlist on Sporcle, you need to verify the email address you used during registration. Go to your
Sporcle Settings
to finish the process.
Report this User
Report this user for behavior that violates our
Community Guidelines
.
Details:
Send Report
Go to the Sporcle.com Mobile Site →
Comments